Statistics for Meme Origins #2

Click here to take the quiz!

General Stats

  • This quiz has been taken 8 times
  • The average score is 3 of 15

Answer Stats

MemeOrigin% Correct
Parkour!Michael Scott/The Office
57%
I've hacked into the mainframe and disabled their algorithms.Iron Man
43%
It's rewind time.Will Smith/Youtube Rewind
43%
Press F to pay respectsCall of Duty: Advanced Warfare
29%
You weren't supposed to do thatDonald Trump
29%
I've never met this man in my life.Loki
29%
Stop it, get some helpMichael Jordan
29%
Wow, this is garbage. You actually like this?Gru/Despicable Me
14%
Pathetic.Principal Skinner/The Simpsons
14%
Cha cha real smoothBarney
0%
How dare you!Greta Thunberg
0%
Very poor choice of wordsJoker
0%
You had my curiosity, but now you have my attention.Leonardo DiCaprio
0%
Yeah, I've got time.Mr. Incredible/The Incredibles
0%
Just like the simulationsStormtrooper
0%

Score Distribution

Percentile by Number Answered

Percent of People with Each Score

Your Score History

You have not taken this quiz